UM Logo

Causality of MAcroeconomic Factors on the Movement of Financial Index of The Philippine Stock Exchange (Record no. 6344)

MARC details
000 -LEADER
fixed length control field 00676nam a22001577a 4500
008 - FIXED-LENGTH DATA ELEMENTS--GENERAL INFORMATION
fixed length control field 170307b xxu||||| |||| 00| 0 eng d
082 ## - DEWEY DECIMAL CLASSIFICATION NUMBER
Edition number 2016
Classification number UT 0678
Item number R65
100 ## - MAIN ENTRY--PERSONAL NAME
9 (RLIN) 19039
Personal name Rollon, Patrick Glenn P.
245 ## - TITLE STATEMENT
Title Causality of MAcroeconomic Factors on the Movement of Financial Index of The Philippine Stock Exchange
Statement of responsibility, etc. Patrick Glenn P. Rollon, Precious Jane L. Peñas and Jeamuel Jan D. Concha
300 ## - PHYSICAL DESCRIPTION
Extent 67 pages;
Other physical details 30 cm.
650 #0 - SUBJECT ADDED ENTRY--TOPICAL TERM
9 (RLIN) 19040
Topical term or geographic name as entry element Business Administration
Form subdivision Financial Management
General subdivision Undergraduate Thesis.
700 ## - ADDED ENTRY--PERSONAL NAME
9 (RLIN) 19041
Personal name Rollon, Patrick Glenn P.
700 ## - ADDED ENTRY--PERSONAL NAME
9 (RLIN) 19042
Personal name Peñas, precious Jane L.
700 ## - ADDED ENTRY--PERSONAL NAME
9 (RLIN) 19043
Personal name Concha, Jeamuel Jan D.
942 ## - ADDED ENTRY ELEMENTS (KOHA)
Source of classification or shelving scheme Dewey Decimal Classification
Koha item type Undergraduate Thesis
Holdings
Withdrawn status Lost status Source of classification or shelving scheme Damaged status Not for loan Home library Current library Date acquired Total Checkouts Full call number Barcode Date last seen Price effective from Koha item type
    Dewey Decimal Classification     UM Digos College - LIC UM Digos College - LIC 11/07/2016   UT 0678 R65 2016 UT0678 03/07/2017 03/07/2017 Undergraduate Thesis